| 000 | 00837cab a2200277 4500 | ||
|---|---|---|---|
| 001 | ABS47837 | ||
| 008 | 090401t1992 xxu||||| |||| 00| 0 eng d | ||
| 035 | _a(Sirsi) u63599 | ||
| 041 | _aeng | ||
| 100 | _aBough, J. | ||
| 245 | _aIs waste a nuisance? | ||
| 260 | _c1992 | ||
| 350 | _a0 | ||
| 490 |
_aFarm Management _v8(4) Winter 1992, 163-171 (5) |
||
| 520 | _aConcentrates on private nuisance; who can sue, what constitutes nuisance and the problematic areas of what interference is considered trivial or reasonable. | ||
| 650 | _aEC DIRECTIVES | ||
| 650 | _aENVIRONMENTAL PROTECTION ACT 1990 | ||
| 650 | _aFARM WASTE | ||
| 650 | _aNUISANCE | ||
| 650 | _aRYLANDS V FLETCHER | ||
| 650 | _aSLURRY | ||
| 650 | _aWASTE MANAGEMENT | ||
| 690 | _aENVIRONMENTAL AND LAND CONSULTANCY | ||
| 942 | _n0 | ||
| 948 | _c04/03/1997 | ||
| 999 |
_c39538 _d39538 |
||